000 01110nam a22003617a 4500
001 0000424
003 KOHA_MİRAKIL
005 20260207001209.0
007 ta
008 081212b2006 tu |||gr||||#0|||0|tur |
020 _a9755917306
_cYTL13,69
040 _aTR-BiSEU
_btur
_cTR-BiSEU
_erda
041 0 _atur
044 _ctu
050 _aTP359
_b.O38 2006
100 1 _aÖğüt, Hüseyin.
245 1 _aBiyodizel :
_büçüncü milenyumun yakıtı/
_cHüseyin Öğüt ; Hüseyin Öğüt, Hidayet Oğuz.
250 _a2.bs.
264 1 _aAnkara :
_bNobel Yayın Dağıtım
_c2006
300 _a190 sayfa: resimli, tablo
336 _ametin
_btxt
_2rdacontent
337 _aaracısız
_bn
_2rdamedia
338 _acilt
_bnc
_2rdacarrier
490 0 _aNobel Yayın No : 745.
490 0 _aFen ve Biyoloji Yayınları Dizisi : 33
650 0 _aMotorlu kara taşıtları.
_92552
650 0 _aMotorlar.
_92553
650 0 _aYakıtlar.
_92554
830 0 _aNobel Yayın No : 745.
_92555
830 0 _aFen ve Biyoloji Yayınları Dizisi : 33
_92556
907 _aOkuma Kitabı
942 _2lcc
_cBK
999 _c425
_d425